Κατάλογος Βιβλιοθηκών Mediterranean College

Μηχανουργική/ (Record no. 8275)

MARC details
000 -LEADER
fixed length control field 05474nam a22002297a 4500
005 - ΗΜΕΡΟΜΗΝΙΑ ΚΑΙ ΩΡΑ ΤΕΛΕΥΤΑΙΑΣ ΕΝΗΜΕΡΩΣΗΣ
Πεδίο ελέγχου 20250806093308.0
008 - FIXED-LENGTH DATA ELEMENTS--GENERAL INFORMATION
Πεδίο ελέγχου σταθερού μήκους 250806b |||||||| |||| 00| 0 eng d
020 ## - ISBN
ISBN 9789604187263
040 ## - ΠΗΓΗ ΚΑΤΑΛΟΓΟΓΡΑΦΗΣΗΣ
Φορέας πρωτότυπης καταλογογράφησης MC Athens Campus Library
Γλώσσα καταλογογράφησης Ελληνικά, Μοντέρνα (1453-)
Modifying agency MC Athens Campus Library
Κανόνες περιγραφικής καταλογογράφησης AACR2
100 1# - MAIN ENTRY--PERSONAL NAME
Personal name Kalpakjian, Serope
Σχέση Συγγραφέας
9 (RLIN) 3719
245 1# - ΤΙΤΛΟΣ ΚΑΙ ΔΗΛΩΣΗ ΥΠΕΥΘΥΝΟΤΗΤΑΣ
Τίτλος Μηχανουργική/
Remainder of title Επιστήμη και Τεχνολογία
250 ## - EDITION STATEMENT
Edition statement 7η εκδ.
260 ## - PUBLICATION, DISTRIBUTION, ETC.
Name of publisher, distributor, etc. Εκδόσεις Τζιόλα,
Date of publication, distribution, etc. 2019
300 ## - PHYSICAL DESCRIPTION
Extent 977 σ.
520 ## - SUMMARY, ETC.
Summary, etc. Γενική εισαγωγή, βασικά στοιχεία υλικών, συμπεριφορά και κατασκευαστικές ιδιότητες, η δομή των μετάλλων, μηχανική συμπεριφορά, δοκιμές και κατασκευαστικές ιδιότητες υλικών, φυσικές ιδιότητες υλικών, μεταλλικά κράματα, δομή και ισχυροποίηση μέσω θερμικής κατεργασίας, σιδηρούχα μέταλλα και κράματα, παραγωγή, γενικές ιδιότητες και εφαρμογές, μη-σιδηρούχα μέταλλα και κράματα, παραγωγή, γενικές ιδιότητες και εφαρμογές, πολυμερή: δομή, γενικές ιδιότητες και εφαρμογές, κεραμικά, γυαλί, γραφίτης, διαμάντι και νανοϋλικά, δομή, γενικές ιδιότητες και εφαρμογές, σύνθετα υλικά, δομή, γενικές ιδιότητες και εφαρμογές, χύτευση μετάλλων, κατεργασίες και εξοπλισμός, χύτευση μετάλλων, βασικές έννοιες και αρχές, κατεργασίες και εξοπλισμός χύτευσης, χύτευση μετάλλων, σχεδιασμός, υλικά και οικονομοτεχνικά ζητήματα, κατεργασίες διαμόρφωσης και εξοπλισμός, κατεργασίες και εξοπλισμός έλασης μετάλλων, σφυρηλάτηση μετάλλων, κατεργασίες και εξοπλισμός, διέλαση και ολκή μετάλλων, κατεργασίες και εξοπλισμός, διαμόρφωση μεταλλικών ελασμάτων, κατεργασίες και εξοπλισμός, κονιομεταλλουργία, κατεργασίες και εξοπλισμός, κεραμικά, γυαλιά και υπεραγωγοί, κατεργασίες και εξοπλισμός, πλαστικά και σύνθετα υλικά κατεργασίες διαμόρφωσης και μορφοποίησης, τεχνικές ταχείας πρωτοτυποποίησης, κατεργασίες αποβολής υλικού και εργαλειομηχανές, κατεργασίες αποβολής υλικού, βασικές έννοιες και αρχές, υλικά κοπτικών εργαλείων και υγρά κοπής, κατεργασίες αποβολής υλικού, τόρνευση και δημιουργία οπών, κατεργασίες αποβολής υλικού, φρεζάρισμα, αυλάκωση, πριόνισμα, απόξεση και κατασκευή οδοντώσεων, κέντρα κατεργασιών, δομή εργαλειομηχανών και οικονομοτεχνικά ζητήματα, Κατεργασίες λείανσης και αποπεράτωσης, προηγμένες κατεργασίες αποβολής υλικού και εξοπλισμός, μικροκατεργασίες και παραγωγή μικροηλεκτρονικών διατάξεων, παραγωγή μικροηλεκτρονικών διατάξεων, νανοκατεργασίες, παραγωγή μικροηλεκτρομηχανικών διατάξεων και συστημάτων, κατεργασίες σύνδεσης και εξοπλισμός, τεχνικές συγκόλλησης με τήξη, συγκολλήσεις στερεάς κατάστασης, συγκολλήσεις μέσων και χαμηλών θερμοκρασιών, κόλληση και μηχανική σύνδεση, τεχνολογία των επιφανειών, επιφανειακή τραχύτητα, τριβή, φθορά και λίπανση, επιφανειακές κατεργασίες, επιστρώσεις και καθαρισμός επιφανειών, μηχανουργική μετρολογία, οργανολογία και διασφάλιση ποιότητας, μηχανουργική μετρολογία και οργανολογία, διασφάλιση ποιότητας, δοκιμές και επιθεώρηση, παραγωγή σε ανταγωνιστικό περιβάλλον, αυτοματοποίηση κατεργασιών, ψηφιακά υποβοηθούμενη παραγωγή, ολοκληρωμένα συστήματα κατεργασιών μέσω υπολογιστή, σχεδιασμός και παραγωγή προϊόντων σε ανταγωνιστικό περιβάλλον.
650 #0 - SUBJECT ADDED ENTRY--TOPICAL TERM
Topical term or geographic name entry element Μηχανουργική τεχνολογία
9 (RLIN) 9978
650 #0 - SUBJECT ADDED ENTRY--TOPICAL TERM
Topical term or geographic name entry element Engineering
9 (RLIN) 9979
700 1# - ΠΡΟΣΘΕΤΗ ΑΝΑΓΡΑΦΗ--ΦΥΣΙΚΟ ΠΡΟΣΩΠΟ
Personal name Schmid, Steven R.
9 (RLIN) 3720
Σχέση Συγγραφέας
942 ## - ADDED ENTRY ELEMENTS (KOHA)
Koha item type Books
Holdings
Τύπος τεκμηρίου Βιβλιοθήκη Τρέχουσα τοποθεσία Barcode Αριθμός εισαγωγής Ημερομηνία απόκτησης Ταξιθετικό σύμβολο Αριθμός αντιτύπου Κατάσταση απόσυρσης Κατάσταση χαμένου Κατάσταση κατεστραμμένου Μη δανεισμός Σύνολο δανεισμών Ημερομηνία τελευταίας εμφάνισης Η τιμή ισχύει από
Books MC Athens Campus Library MC Athens Campus Library 9780000082749 8083 05/06/2025 640.72 KAL 2           05/06/2025 05/06/2025

MC Athens Campus Library
Πατησίων 94 & Κοδριγκτώνος 13, 104 34
Πελλήνης 8 & Πατησίων 107, 112 51
Τ: +30 210 8899600

MC Thessaloniki Campus Library
Ίωνος Δραγούμη 21, 54625 | Ίωνος Δραγούμη 15, 54625
Τ: +30 2310 287779 – Τ: +30 2314 440300